| 000 | 06648namaa22004451i 4500 | ||
|---|---|---|---|
| 003 | EG-GICUC | ||
| 005 | 20260420150329.0 | ||
| 008 | 260420s2025 ua a|||frm||| 000 0 eng d | ||
| 040 |
_aEG-GICUC _beng _cEG-GICUC _dEG-GICUC _erda |
||
| 041 | 0 |
_aeng _beng _bara |
|
| 049 | _aDeposit | ||
| 082 | 0 | 4 | _a618.86 |
| 092 |
_a618.86 _221 |
||
| 097 | _aM.Sc | ||
| 099 | _aCai01.11.15.M.Sc.2025.Sa.B | ||
| 100 | 0 |
_aSarah Tarek Mahfouz, _epreparation. |
|
| 245 | 1 | 0 |
_aBenefits of misoprostol prior to intrauterine device insertion in women with previous cesarean section delivery : _ba randomized controlled study / _cby Sarah Tarek Mahfouz ; Supervisors Dr. Abd Allah Yehia ElKateb, Dr. Yomna Eslam Ebrahim Zaghloul, Dr. Nadia Mohamed Helmy. |
| 246 | 1 | 5 |
_aفوائد الميزوبروستول قبل ادخال اللولب في النساءاللاتي خضعن لعملية ولادة قيصرية سابقة : _b دراسة عشوائية محكمة |
| 264 | 0 | _c2025. | |
| 300 |
_a98 pages : _billustrations ; _c25 cm. + _eCD. |
||
| 336 |
_atext _2rda content |
||
| 337 |
_aUnmediated _2rdamedia |
||
| 338 |
_avolume _2rdacarrier |
||
| 502 | _aThesis (M.Sc)-Cairo University, 2025. | ||
| 504 | _aBibliography: pages 72-98. | ||
| 520 | 3 | _aWhen attempting to place an intrauterine device (IUD) into a narrow cervical canal, technical difficulties may occur, and women may experience pain (Balica et al., 2018). IUD insertion-related difficulties and adverse effects are more likely among women who have never given birth vaginally, according to a few studies, and many healthcare providers do not counsel or prescribe IUDs to nulliparous women (Ashour et al., 2020). An American College of Obstetricians and Gynecologists committee opinion advises practitioners to utilise IUDs as a first line of contraception in nulliparous women, dispelling this misconception and confirming IUD safety and efficacy in this population of patients (Espey et al., 2019). Misoprostol is a prostaglandin E1 analogue approved for the prevention and treatment of gastric ulcers. Given via different routes, it acts on the uterus, causing uterine contractions, cervical dilatation, and an increase in uterine tone. It facilitates tran-cervical procedures such as surgical abortions and hysteroscopy (Bakker et al., 2017). Use of misoprostol has been promoted to ease IUD insertion in nulliparous women (Hall and Kutler, 2016). In women delivered only by elective caesarean sections, the cervix, as seen at transvaginal ultrasound, may +resemble that of a nullipara (Giyahi et al., 2018) Hence, when confronted with such a woman, healthcare staff may be reluctant to insert an IUD because of the uterine scar, and also for fear of encountering difficulties at insertion (Darwish et al., 2018). | |
| 520 | 3 | _aبعد الحمل غير المقصود مشكلة عالمية خاصة اذا كانت طريقة الوقاية منة الؤلمة تستخدم الاجهزة داخل الرحم اللولب علي طريقة نطاق واسع كموانع الحمل قابلة العكسي يمثل ادخال اللولب داخل الرحم في النساء اللاتي ولدن فقط عبر عملية قيصرية تجدات فريدة تم استخدام الميزوبرستول وهو نظير البروسياجلانيتن بشكل فعال لايضاح عنق الرحم وتحريض المخاض لة وفؤائدة المحتملة لتسهيل امر ادخال اللولب تستحق البحث هدف هذة الدراسة هو استكشاف الميزويروستول قبل ادخال اللولب الرحمي في النياء اللاتي لدينهن تاريخ من الولادة القيصرية ولم يلدن مهبليا من قبل اجريت تجربة عشوائية مع مشاركةات اللاتي تم تقسيمهم الي ثلاث مجموعات مجموعة تتلقي الميزويروستول تحت السان واخر يتلقي الميزويروستول المهبلي وجموعة مراقبة لا تتلقي اي عاما انضاج عنق الرحم وشملت النتائج الاولية التي تم تقسيمها مدي سهولة الادخال وفشل الادخال و النتائج الثانوية والام المصاحبة لللاجراء و حدوث المضاعفات تشير النتائج الدراسية الي ان استخدام الميزوبرةستول سواء تحت اللسان او عن طريق المهبل يحسن بشكل سهولة ادخال اللولب ويقلل الالام المصاحب للاجراء وتقليل المضاعفات مقارنة بالمجموعة التي لم تتلقي اي علاج ومع ذلك لوحظت ايضا اختلاف بين الطريق تحت اللسان او عن طريق المهبل حيث وجود ان الناتج افضل مع المجموعة التي تلقت العلاج عن طريق المهبل مما ايوفر نظرة ثاقبة اطريقة الادارة الاكثر فاعلية في هذا اليباق يساهم هذا البحث بروي فية حول تطبيق الميزويرستول في اجراء امراض النساء وتحديدا لادخال اللولب الرحمي في النساء اللاتي لدينهن ولادات قيصرية سابقة تدعم الدراسة اعتماد البيرويروستول وخاصة عن طريق المهبل بجرعة 400 مج قبا ادخال اللولب بساعتين كبروتكول قياسي اتحسين نتائج ادخال الللولب في هذة المجموعة من المرضي يوصي باجراء مزيد من من الابحاث لاستكشاف التائثرات طويلة الامد من علاج وتجديد استراتيجتات الجرعات | |
| 530 | _aIssues also as CD. | ||
| 546 | _aText in English and abstract in Arabic & English. | ||
| 650 | 0 | _aCesarean Section | |
| 650 | 0 | _aالولادة قيصرية | |
| 653 | 1 |
_aBenefits of Misoprostol Prior _aIntrauterine Device Insertion _aWomen with Previous _aCesarean Section Delivery |
|
| 700 | 0 |
_aAbd Allah Yehia ElKateb _ethesis advisor. |
|
| 700 | 0 |
_aYomna Eslam Ebrahim Zaghloul _ethesis advisor. |
|
| 700 | 0 |
_aNadia Mohamed Helmy _ethesis advisor. |
|
| 900 |
_b01-01-2025 _cAbd Allah Yehia ElKateb _cYomna Eslam Ebrahim Zaghloul _cNadia Mohamed Helmy _UCairo University _FFaculty of Medicine _DDepartment of Obstetrics and Gynecology |
||
| 905 | _aShimaa | ||
| 942 |
_2ddc _cTH _e21 _n0 |
||
| 999 | _c179623 | ||